| 000 | 00979nam a22002297a 4500 | ||
|---|---|---|---|
| 999 |
_c65734 _d65734 |
||
| 005 | 20240530110840.0 | ||
| 008 | 200912s2020 ua a g b 000 0dara d | ||
| 017 |
_a2019/11552 _bمصر. دار الكتب |
||
| 020 | _a9789773224158 | ||
| 040 |
_aEG-CaGPL _cEG-CaGPL |
||
| 082 | 0 | 4 |
_221 _a916.2 _bق/ و ر |
| 100 | 1 | _aوولف ، ان | |
| 245 | 0 | 0 |
_aرحلات ومغامرات فى مصر وما جاورها : _b1300 - 1640 م / _cتاليف ان وولف ؛ ترجمة وتقديم وتعليق قاسم عبده قاسم |
| 250 | _aط.1 | ||
| 260 |
_aالقاهرة : _bعين للدراسات و البحوث الانسانية و الاجتماعية، _c2020 |
||
| 300 |
_a341 ص. ؛ _c24 سم. |
||
| 650 | 0 | 7 |
_2qrmak _aالرحلات فى الادب العربى |
| 651 | 0 | 7 |
_2qrmak _aمصر _xوصف ورحلات |
| 700 | 0 |
_aقاسم عبده قاسم _eمترجم ومقدم ومعلق |
|
| 942 |
_2ddc _cBK |
||